The nation state in a global/information era : (Record no. 623)
[ view plain ]
| 000 -LEADER | |
|---|---|
| fixed length control field | 00884cam a2200241 a 4500 |
| 001 - CONTROL NUMBER | |
| control field | 251984 |
| 005 - DATE AND TIME OF LATEST TRANSACTION | |
| control field | 20240328064640.0 |
| 008 - FIXED-LENGTH DATA ELEMENTS--GENERAL INFORMATION | |
| fixed length control field | 990715s1997 onca b 100 0 eng d |
| 020 ## - INTERNATIONAL STANDARD BOOK NUMBER | |
| ISBN | 0889117667 (bound) |
| 020 ## - INTERNATIONAL STANDARD BOOK NUMBER | |
| ISBN | 0889117705 (pbk.) |
| 040 ## - CATALOGING SOURCE (பட்டியலாக்க மூலம்) | |
| Original cataloging agency | CaOTU |
| Language of cataloging | eng |
| Transcribing agency | CaOONL |
| Modifying agency | DGU |
| -- | MdU |
| -- | OCLC |
| -- | DLC |
| 082 ## - DDC Classification | |
| DDC Edition Number | 22 |
| Class No. | 327. |
| Item Number - Author Mark | THE. |
| 245 04 - TITLE STATEMENT | |
| Title | The nation state in a global/information era : |
| Remainder of title | policy challenges : proceedings of a conference held at Queens University 14-15 November 1996 / |
| Statement of responsibility, etc. | Thomas J. Courchene, editor. |
| 260 ## - PUBLICATION, DISTRIBUTION, ETC. | |
| Place of publication, distribution, etc. | Ontario : |
| Name of publisher, distributor, etc. | John Deutsch Institute for the Study of Economic Policy, Queen's University, |
| Date of publication, distribution, etc. | 1997. |
| 300 ## - PHYSICAL DESCRIPTION | |
| Extent (e.g. Volumes, Pages etc.) | vii, 349 p. : |
| 650 #0 - SUBJECT ADDED ENTRY--TOPICAL TERM | |
| Topical term or geographic name entry element | Nation-state |
| 650 #0 - SUBJECT ADDED ENTRY--TOPICAL TERM | |
| Topical term or geographic name entry element | International relations |
| 650 #0 - SUBJECT ADDED ENTRY--TOPICAL TERM | |
| Topical term or geographic name entry element | International economic relations |
| 650 #0 - SUBJECT ADDED ENTRY--TOPICAL TERM | |
| Topical term or geographic name entry element | Globalization |
| 650 #0 - SUBJECT ADDED ENTRY--TOPICAL TERM | |
| Topical term or geographic name entry element | Information society |
| 700 1# - ADDED ENTRY--PERSONAL NAME | |
| Personal name | Courchene, Thomas J. |
| Relator term (Role) | Editor |
| 942 ## - Koha item type (Biblio) | |
| Koha item type | Books in Stacks (Lending) |
| Lost status | Damaged status | Collection code | Home library | Current library | Date acquired | Full call number | Accession Number | Item type |
|---|---|---|---|---|---|---|---|---|
| Lending | WERC Library | WERC Library | 03/28/2024 | 327. THE. | 2916 | Books in Stacks (Lending) |
